00642nam a2200229Ia 450000500170000000800410001702000150005808200230007324500350009625000160013126000430014730000170019065000100020765000150021765000120023265000100024465000180025470000200027294200060029295200990029899900150039720250324070719.0240331s9999 xx 000 0 und d a0195085280 a302.234bTEL23576 0aTelevision:bThe Critical View a5th Edition aOxford,bOxford University Pressc1976 axiv, 634 p., aMedia aTelevision aClimate aWomen aCommunication aNewcomb, Heedt cL 001040708LaWERCLbWERCLcSSCd2024-03-31l0o 302.234 TELp3576r2024-03-31w2024-03-31yL c1188d1188